[Event "34th Chess Olympiad (women)"]
[Site "Istanbul"]
[Date "2000.11.06"]
[Round "9.40.2"]
[White "Amina, Oubaaqua"]
[Black "Raweh, Adeela"]
[WhiteElo "2000"]
[BlackElo "2000"]
[WhiteCountry "MAR"]
[BlackCountry "YEM"]
[Result "1-0"]

1. Nf3 Nf6 2. g3 g6 3. b3 Bg7 4. Bb2 O-O 5. Bg2 c6 6. c4 d6 7. d4 Re8 
8. O-O Nbd7 9. Nbd2 e5 10. dxe5 Nxe5 11. Nxe5 dxe5 12. Nf3 Nd7 13. Qd6 Bf8 
14. Qd3 e4 15. Qc3 Qf6 16. Qxf6 Nxf6 17. Bxf6 exf3 18. Bxf3 Bg7 19. Bxg7 Kxg7 
20. Rad1 h5 21. Rd4 f5 22. Rfd1 Kh6 23. Rd8 Rxd8 24. Rxd8 Rb8 25. e3 Kg7 
26. e4 Kf7 27. exf5 Ke7 28. Rh8 Kf6 29. fxg6 Kxg6 30. Bxh5+ Kg7 31. Rd8 b6 
32. a3 Ra8 33. Bf3 Bb7 34. Rd7+ Kg8 
1-0

[Event "34th Chess Olympiad (women)"]
[Site "Istanbul"]
[Date "2000.11.06"]
[Round "9.40.3"]
[White "Abdulsalam, Nadhmeia"]
[Black "Zahira, El"]
[WhiteElo "2000"]
[BlackElo "2000"]
[WhiteCountry "YEM"]
[BlackCountry "MAR"]
[Result "0-1"]

1. d4 Nf6 2. c4 g6 3. Nc3 Bg7 4. e3 d6 5. Nf3 Nbd7 6. Bd3 c5 7. O-O a6 
8. a4 Qc7 9. Qc2 b6 10. Re1 Bb7 11. d5 O-O 12. Bd2 Ng4 13. h3 Nge5 
14. Nxe5 Nxe5 15. Be2 e6 16. e4 Nd7 17. Bd3 exd5 18. exd5 Ne5 19. Be2 Qd8 
20. f4 Nd7 21. g3 Bd4+ 22. Kf1 Nf6 23. Bf3 Bc8 24. Kg2 Ne8 25. g4 Qd7 
26. Be3 Bg7 27. f5 gxf5 28. Qxf5 Qxf5 29. gxf5 Bxf5 30. Bf4 Ra7 31. Bg4 Bd3 
32. Be2 Bg6 33. Bg4 h5 34. Bf3 Kh7 35. Ra2 Rg8 36. Kh2 h4 37. Ne4 Bxe4 
38. Bxe4+ Kh8 39. Bd3 Bd4 40. b3 f6 41. Rg2 Be5 42. Rxg8+ Kxg8 43. Rg1+ Rg7 
44. Rxg7+ Kxg7 45. Bxe5 dxe5 46. Kg2 Nd6 47. Kf3 f5 48. Be2 a5 49. Bf1 Kf6 
50. Be2 Kg5 51. Kg2 Kf4 52. Kf2 Ne4+ 53. Kg2 Ke3 54. Bf3 Nd6 55. Bd1 e4 
56. Bh5 f4 57. Kf1 Kd2 58. Kg2 Ke3 59. Kf1 f3 60. Bg4 Kd2 61. Bxf3 exf3 
62. Kf2 Kc3 63. Kxf3 Kxb3 64. Kg4 Kxc4 65. Kxh4 Kxd5 66. Kg4 Ke4 67. h4 Nf5 
68. h5 c4 
0-1

[Event "34th Chess Olympiad (women)"]
[Site "Istanbul"]
[Date "2000.11.06"]
[Round "9.41.1"]
[White "Gretarsdottir, Lilja"]
[Black "Babic, Gail"]
[WhiteElo "2000"]
[BlackElo "2000"]
[WhiteCountry "ISL"]
[BlackCountry "ISV"]
[Result "1-0"]

1. e4 e5 2. Nf3 Nc6 3. Bc4 Nf6 4. d3 Be7 5. O-O O-O 6. c3 b6 7. Bg5 Bb7 
8. Nbd2 Na5 9. Nxe5 Nxc4 10. Nexc4 d5 11. Ne3 dxe4 12. Bxf6 Bxf6 13. Nxe4 Be7 
14. Nf5 Re8 15. Qg4 g6 16. Rae1 Qxd3 17. Nxe7+ Rxe7 18. Nf6+ Kg7 19. Rxe7 Qb5 
20. Qd4 Kf8 21. Rfe1 Bc6 22. Ne8 Bxe8 23. Qh8# 
1-0

[Event "34th Chess Olympiad (women)"]
[Site "Istanbul"]
[Date "2000.11.06"]
[Round "9.41.2"]
[White "Mody, Ila"]
[Black "Ingolfsdottir, Harpa"]
[WhiteElo "2000"]
[BlackElo "2100"]
[WhiteCountry "ISV"]
[BlackCountry "ISL"]
[Result "0-1"]

1. c4 e5 2. Nc3 Nf6 3. g3 d5 4. cxd5 Nxd5 5. Nxd5 Qxd5 6. Bg2 Qxg2 7. f3 Qxh1 
8. Kf2 Qxh2+ 9. Ke3 Bc5+ 10. Kd3 Nc6 11. a3 Bxg1 12. b4 Bd4 13. Rb1 Qxg3 
14. e4 Bg4 
0-1

[Event "34th Chess Olympiad (women)"]
[Site "Istanbul"]
[Date "2000.11.06"]
[Round "9.41.3"]
[White "Larusdottir, Aldis"]
[Black "Murphy, Margaret"]
[WhiteElo "2000"]
[BlackElo "2000"]
[WhiteCountry "ISL"]
[BlackCountry "ISV"]
[Result "1-0"]

1. d4 d5 2. c4 c6 3. Nf3 Nf6 4. Nc3 e6 5. Bf4 Nbd7 6. e3 Be7 7. Bd3 O-O 
8. O-O a6 9. cxd5 Nxd5 10. Nxd5 exd5 11. Qc2 g6 12. Bh6 Re8 13. g3 c5 
14. dxc5 Nxc5 15. Qc3 Ne6 16. Rac1 Bf6 17. Qb3 d4 18. Bc4 b5 19. Bd5 Ra7 
20. Rfd1 Rc7 21. Rxc7 Qxc7 22. exd4 Bb7 23. Bxb7 Qxb7 24. d5 Nc5 25. Qa3 Ne4 
26. Re1 Qxd5 27. Nd2 Qd4 28. Nxe4 
1-0

[Event "34th Chess Olympiad (women)"]
[Site "Istanbul"]
[Date "2000.11.06"]
[Round "9.42.1"]
[White "Phiri, Catherine"]
[Black "Choi, Kuan"]
[WhiteElo "2000"]
[BlackElo "2000"]
[WhiteCountry "ZAM"]
[BlackCountry "MAC"]
[Result "1-0"]

1. e4 e5 2. Nf3 Nc6 3. d4 exd4 4. Bc4 Bc5 5. O-O d6 6. h3 Nge7 7. c3 dxc3 
8. Nxc3 O-O 9. a3 Na5 10. Ba2 Nac6 11. b4 Bb6 12. Na4 a6 13. Nxb6 cxb6 
14. Bf4 Ng6 15. Bxd6 Re8 16. Re1 Be6 17. Bxe6 Rxe6 18. Bh2 Qe7 19. Qc2 Rd8 
20. Qc4 b5 21. Qc5 f6 22. Qxe7 Rxe7 23. Re3 Nce5 24. Nxe5 fxe5 25. Rae1 Red7 
26. Bg3 b6 27. Kh2 a5 28. Rc3 Rd4 29. Rc6 R4d6 30. Rec1 h6 31. f3 Kh7 
32. Bf2 Nf4 33. Bxb6 R8d7 34. bxa5 Rxc6 35. Rxc6 Rd3 36. Bc5 Rc3 37. a6 Nd3 
38. a7 Nxc5 39. a8=Q Na4 40. Rxc3 Nxc3 41. Qc6 Na4 
1-0

[Event "34th Chess Olympiad (women)"]
[Site "Istanbul"]
[Date "2000.11.06"]
[Round "9.42.2"]
[White "Lee, Wing"]
[Black "Mtine, Joy"]
[WhiteElo "2000"]
[BlackElo "2000"]
[WhiteCountry "MAC"]
[BlackCountry "ZAM"]
[Result "0-1"]

1. e4 e5 2. Nf3 d6 3. d4 exd4 4. Nxd4 Nf6 5. Nc3 Be7 6. Bd3 Bd7 7. O-O O-O 
8. Nce2 Nc6 9. Be3 Nb4 10. Ng3 Nxd3 11. Qxd3 c5 12. Ndf5 Bc6 13. Bg5 h6 
14. Nxh6+ gxh6 15. Bxh6 Re8 16. Nf5 Nxe4 17. Qh3 Bg5 18. Bg7 f6 19. Qh5 Qd7 
20. f4 Qxf5 21. fxg5 Qxg5 22. Qh8+ Kf7 23. Bxf6 Nxf6 24. Rxf6+ Qxf6 
25. Qh7+ Ke6 26. Re1+ Kd5 27. Qd3+ Qd4+ 
0-1

[Event "34th Chess Olympiad (women)"]
[Site "Istanbul"]
[Date "2000.11.06"]
[Round "9.42.3"]
[White "Banda, Mercy"]
[Black "Dylis Ma, Pui"]
[WhiteElo "2000"]
[BlackElo "2000"]
[WhiteCountry "ZAM"]
[BlackCountry "MAC"]
[Result "1/2-1/2"]

1. e4 e5 2. Bc4 Nc6 3. Nf3 Be7 4. d3 d6 5. Nc3 Nf6 6. h3 O-O 7. a3 h6 8. Bd2 a6 
9. O-O Na5 10. Ba2 b6 11. Ne2 Nc6 12. Ng3 Re8 13. Nh4 d5 14. exd5 Nxd5 
15. Nf3 Be6 16. Re1 Bd6 
1/2-1/2

[Event "34th Chess Olympiad (women)"]
[Site "Istanbul"]
[Date "2000.11.06"]
[Round "9.43.1"]
[White "Zsiltzova-Lisenko, Lubov"]
[Black "Agosto, Erika"]
[WhiteElo "2273"]
[BlackElo "2036"]
[WhiteCountry "IBSA"]
[BlackCountry "ITA"]
[Result "1-0"]

1. e4 e5 2. Nf3 Nc6 3. Bb5 a6 4. Bxc6 dxc6 5. O-O Qd6 6. d3 f6 7. a4 Ne7 
8. Na3 Be6 9. Be3 c5 10. Nd2 Ng6 11. Nac4 Qd7 12. Kh1 Be7 13. a5 O-O 
14. f4 exf4 15. Bxf4 Nxf4 16. Rxf4 Bd8 17. Qh5 b5 18. axb6 cxb6 19. Raf1 Bf7 
20. Qe2 Bc7 21. R4f2 Be6 22. Ne3 Be5 23. Ndc4 Bc7 24. Nd2 Be5 25. Ndc4 Bc7 
26. Qh5 b5 27. Nd2 Bb6 28. Nd5 Bxd5 29. Qxd5+ Qxd5 30. exd5 Rfe8 31. c4 Re3 
32. Rf3 Rae8 33. Kg1 Re2 34. R3f2 R2e3 35. Rf3 Re2 36. Rd1 Bc7 37. b3 Be5 
38. Kf1 Bd4 39. Ne4 Rb2 40. Re1 Rd8 41. Ng3 Be5 42. Nf5 Rd7 43. d4 cxd4 
44. c5 g6 45. c6 Ra7 46. d6 gxf5 47. Re5 
1-0

[Event "34th Chess Olympiad (women)"]
[Site "Istanbul"]
[Date "2000.11.06"]
[Round "9.43.2"]
[White "Arnetta, Marianna"]
[Black "Debowska, Teresa"]
[WhiteElo "2081"]
[BlackElo "2094"]
[WhiteCountry "ITA"]
[BlackCountry "IBSA"]
[Result "0-1"]

1. e4 c5 2. Nc3 Nc6 3. f4 g6 4. Bc4 e6 5. Nf3 Bg7 6. d3 Nge7 7. Bb3 O-O 
8. O-O Na5 9. Qe1 Nxb3 10. axb3 d5 11. e5 a6 12. Nb5 Bd7 13. Nd6 Bc6 14. Ng5 h6 
15. f5 exf5 16. Ngxf7 Rxf7 17. Nxf7 Kxf7 18. e6+ Kg8 19. Bf4 d4 20. Qg3 Qe8 
21. Bd6 Nd5 22. e7 Ne3 23. Rf2 g5 24. Bxc5 f4 25. Qh3 Qg6 26. g4 Bd7 
27. Qf3 Nxg4 28. Qxb7 Bc6 29. Qb6 Nxf2 30. Kxf2 Qf6 31. Re1 g4 32. Kg1 g3 
33. hxg3 fxg3 34. Re2 g2 35. Re1 Qh4 36. Bb4 Qh1+ 37. Kf2 Qh4+ 38. Kg1 Qf6 
39. Qc7 Re8 40. Qg3 Qg5 41. Qd6 Bb5 42. Qe6+ Kh8 43. Qf7 Qf6 44. Qh5 Kh7 
45. c4 dxc3 46. Bxc3 Qb6+ 47. Kxg2 Qc6+ 48. Kf2 Bxc3 49. bxc3 Qf6+ 
50. Qf3 Qxf3+ 51. Kxf3 Bxd3 
0-1

[Event "34th Chess Olympiad (women)"]
[Site "Istanbul"]
[Date "2000.11.06"]
[Round "9.43.3"]
[White "Maeckelberg, Mieke"]
[Black "Sirletti, Sonia"]
[WhiteElo "2000"]
[BlackElo "2000"]
[WhiteCountry "IBSA"]
[BlackCountry "ITA"]
[Result "0-1"]

1. e4 d6 2. d4 Nf6 3. Nc3 g6 4. Nf3 Bg7 5. Bc4 O-O 6. Qe2 Bg4 7. Be3 Nc6 
8. h3 Bxf3 9. Qxf3 a6 10. O-O e5 11. d5 Nd4 12. Bxd4 exd4 13. Ne2 Re8 
14. Rad1 Rxe4 15. Nxd4 Qd7 16. Rfe1 Rae8 17. Rxe4 Rxe4 18. c3 Qe8 19. g3 Nd7 
20. Bb3 Re1+ 21. Kg2 Nc5 22. Rxe1 Qxe1 23. Qe2 Qxe2 24. Nxe2 Nd3 25. Kf3 Nxb2 
26. Ke3 a5 27. a4 b5 28. axb5 a4 29. Bc2 a3 30. Bb3 Nd1+ 31. Kd2 Nxf2 
32. h4 Ne4+ 33. Kc2 Be5 34. Bc4 Nxg3 35. Nxg3 Bxg3 36. h5 f5 37. hxg6 hxg6 
38. Be2 Bf2 39. Bc4 Kf7 40. Kd3 Kf6 41. Ba2 Ke5 42. Ke2 Bb6 
0-1